00552cam a22002171 4500001001300000003000400013005001700017008004100034010001700075035002000092040001800112042001200130050002600142082001000168100001900178245005500197260002600252300001800278500002100296999001700317ca 34000791 DLC20260227111132.0880921s1934 ksu 000 0 eng  aca 34000791  a(OCoLC)18508512 aDLCcRPBdDLC apremarc00aPS3537.M6766bH5 1934 a811.51 aSmith, Neal J.10aHighways and byways of life ...cby Neal J. Smith. aSalina, Kan.,cc1934. a23 p.c21 cm. aOn cover: Poems. c17349d17349